<?xml version="1.0" encoding="UTF-8"?>
<marc:record xmlns:marc="http://www.loc.gov/MARC21/slim">
   <marc:leader>00000nam a2200000 a 4500</marc:leader>
   <marc:datafield ind1="1" ind2=" " tag="100">
      <marc:subfield code="a">Roper, Lyndal</marc:subfield>
      <marc:subfield code="4">aut</marc:subfield>
      <marc:subfield code="e">Verfasser/-in</marc:subfield>
   </marc:datafield>
   <marc:datafield ind1="1" ind2=" " tag="100">
      <marc:subfield code="a">Wördemann, Karin</marc:subfield>
      <marc:subfield code="4">trl</marc:subfield>
      <marc:subfield code="e">Übersetzer/-in</marc:subfield>
   </marc:datafield>
   <marc:datafield ind1=" " ind2=" " tag="653">
      <marc:subfield code="a">Luther</marc:subfield>
   </marc:datafield>
   <marc:datafield ind1=" " ind2=" " tag="653">
      <marc:subfield code="a">Martin</marc:subfield>
   </marc:datafield>
   <marc:datafield ind1=" " ind2=" " tag="653">
      <marc:subfield code="a">Martin Luther</marc:subfield>
   </marc:datafield>
   <marc:datafield ind1=" " ind2=" " tag="653">
      <marc:subfield code="a">Softcover / Sachbücher/Philosophie</marc:subfield>
   </marc:datafield>
   <marc:datafield ind1=" " ind2=" " tag="653">
      <marc:subfield code="a">Religion/Christliche Religionen</marc:subfield>
   </marc:datafield>
   <marc:datafield ind1=" " ind2=" " tag="653">
      <marc:subfield code="a">Martin Luther;Reformation;Theologie;Bibel;Bibelübersetzungen;Lucas Cranach der Jüngere;Albrecht Dürer;Antijudaismus;Antisemitismus;Kitsch;Geschichte des Protestantismus;Wartburg;Eisleben;Eisenach;Wittenberg;Papst;Papsttum;Katholische Kirche;Bauernkriege;M</marc:subfield>
   </marc:datafield>
   <marc:datafield ind1="0" ind2="0" tag="245">
      <marc:subfield code="a">"Im Leben war ich Eure Plage"</marc:subfield>
   </marc:datafield>
   <marc:datafield ind1="0" ind2="0" tag="245">
      <marc:subfield code="b">Luthers Welt und sein Vermächtnis</marc:subfield>
   </marc:datafield>
   <marc:datafield ind1="0" ind2="0" tag="245">
      <marc:subfield code="c">Lyndal Roper ; aus dem Englischen übersetzt von Karin Wördemann</marc:subfield>
   </marc:datafield>
   <marc:datafield ind1=" " ind2="1" tag="264">
      <marc:subfield code="a">Stuttgart</marc:subfield>
      <marc:subfield code="b">Klett-Cotta</marc:subfield>
   </marc:datafield>
   <marc:datafield ind1="1" ind2=" " tag="520">
      <marc:subfield code="a">Angaben aus der Verlagsmeldung

Im Leben war ich Eure Plage : Luthers Welt und sein Vermächtnis / von Lyndal Roper

Zu Lebzeiten war Martin Luther äußerst umstritten. Bei Freund und Feind rief er begeisterte Zustimmung, vehemente Ablehnung, aber auch Hass hervor. Seine übergroße, dominante, oft erdrückende Persönlichkeit hinterließ unauslöschliche Spuren in der Welt, die bis in unsere Gegenwart reichen und bis heute weiterwirken.

Sorgfältig hat Martin Luther sein Selbstbild geformt und darauf geachtet, wie ihn die Nachwelt sehen sollte. Das Porträt seiner charismatischen und polemischen Persönlichkeit erweitert Lyndal Roper, die bedeutendste Biographin Martin Luthers, zu einem historischen Psychogramm: Der Kirchenrebell und Revolutionär war die herausragende Persönlichkeit seiner Zeit. Der Buchdruck und die Gemälde von Lucas Cranach machten den Reformator jedermann bekannt. Omnipräsent in Wort und Bild wollte Luther die Kirche keineswegs spalten, aber doch jederzeit die öffentliche Aufmerksamkeit auf sich ziehen, um sich und seine Anschauungen durchzusetzen. War er feindselig gegen das Papsttum eingestellt? Steigerte sich seine Ablehnung der Juden zu antisemitischen Ausfällen? War der »Papst an der Elbe« eine »Plage«, wie er von sich selbst sagte? Großzügig illustriert, weitet sich das Vermächtnis Luthers zu einer Kulturgeschichte, deren Licht und Schatten bis in die unmittelbare Gegenwart reicht.

</marc:subfield>
   </marc:datafield>
   <marc:datafield ind1=" " ind2=" " tag="020">
      <marc:subfield code="a">9783608984828</marc:subfield>
      <marc:subfield code="9">9783608984828</marc:subfield>
   </marc:datafield>
   <marc:datafield ind1=" " ind2=" " tag="020">
      <marc:subfield code="a">3608984828</marc:subfield>
      <marc:subfield code="9">3608984828</marc:subfield>
   </marc:datafield>
   <marc:datafield ind1=" " ind2=" " tag="041">
      <marc:subfield code="a">ger</marc:subfield>
   </marc:datafield>
   <marc:datafield ind1=" " ind2=" " tag="300">
      <marc:subfield code="a">407 Seiten</marc:subfield>
   </marc:datafield>
</marc:record>
